zpět

Detail výsledku týmu

Pardubický Pub PO, Pardubice

Datum a čas kvízu

25.5 Celkem bodů Celkový počet nahraných bodů na tomto kvízu bez doplňovacích otázek.
8. Pořadí na kvízu Konečné umístění týmu na tomto kvízu.

Zaznamenané odpovědi

# Otázka Odpověď Body Výsledky
1. Která česká politička se stala... Markéta Pekarová-Adamová 0
2. Ve středu se do vesmíru po něk... Atlas 0
3. Ve čtvrtek měl v českých kinec... Mizerové: Na život a na smrt 0.5
4. Minulý týden byl v Praze k vid... Tesla Cybertuck 1
5. Kateřina Siniaková v neděli zí... Coco Gauff 0
6. Dostanete vždy pět indicií, kt... Anna Kareninová/Karenina 0
7. Irsko – Homér – Bloom – jeden... Odysseus 0
8. Nashville – Felis – žár – Puli... Kočka na rozpálené plechové střeše 1
9. Roman – okupace – Tibet – Lakm... Spalovač mrtvol 0
10. Karviná – kronika – sv. Petr... Šikmý kostel 0